The illusion of immortality. (Record no. 523618)

000 -LEADER
fixed length control field 00802cam a22002771 4500
001 - CONTROL NUMBER
control field 9398333
003 - CONTROL NUMBER IDENTIFIER
control field NUST
005 - DATE AND TIME OF LATEST TRANSACTION
control field 20190516073053.0
008 - FIXED-LENGTH DATA ELEMENTS--GENERAL INFORMATION
fixed length control field 720201s1965 nyu b 000 0 eng
010 ## - LIBRARY OF CONGRESS CONTROL NUMBER
LC control number 65025140
035 ## - SYSTEM CONTROL NUMBER
System control number (OCoLC)231366
038 ## - RECORD CONTENT LICENSOR
Staff Name 0
040 ## - CATALOGING SOURCE
Original cataloging agency DLC
Transcribing agency OCedC
Modifying agency OCoLC
-- DLC
042 ## - AUTHENTICATION CODE
Authentication code premarc
050 00 - LIBRARY OF CONGRESS CALL NUMBER
Classification number BT921
Item number .L167 1965
082 ## - DEWEY DECIMAL CLASSIFICATION NUMBER
Classification number 129.6
100 1# - MAIN ENTRY--PERSONAL NAME
Personal name Lamont, Corliss,
Dates associated with a name 1902-1995.
9 (RLIN) 14354
245 14 - TITLE STATEMENT
Title The illusion of immortality.
Statement of responsibility, etc. Introd. by John Dewey.
250 ## - EDITION STATEMENT
Edition statement 5th ed.
260 ## - PUBLICATION, DISTRIBUTION, ETC.
Place of publication, distribution, etc. New York,
Name of publisher, distributor, etc. F. Ungar Pub. Co.
Date of publication, distribution, etc. [1990]
300 ## - PHYSICAL DESCRIPTION
Extent xiii, 303 p.
Dimensions 21 cm.
504 ## - BIBLIOGRAPHY, ETC. NOTE
Bibliography, etc. note Bibliographical references included in "Notes" (p. [279]-295)
650 #0 - SUBJECT ADDED ENTRY--TOPICAL TERM
Topical term or geographic name entry element Immortality.
9 (RLIN) 14355
906 ## - LOCAL DATA ELEMENT F, LDF (RLIN)
a 7
b cbc
c oclcrpl
d u
e ncip
f 19
g y-gencatlg
942 ## - ADDED ENTRY ELEMENTS (KOHA)
Source of classification or shelving scheme
Koha item type Book
Holdings
Withdrawn status Lost status Source of classification or shelving scheme Damaged status Not for loan Permanent Location Current Location Shelving location Date acquired Total Checkouts Total Renewals Full call number Barcode Date last seen Date last checked out Price effective from Koha item type
          Central Library (CL) Central Library (CL) General Stacks 05/16/2019 1 1 129.6 LAM CL-E-2078 02/20/2026 03/07/2024 05/16/2019 Book
© 2023 Central Library, National University of Sciences and Technology. All Rights Reserved.